| 000 | 00394pam a2200157a 44500 | ||
|---|---|---|---|
| 008 | 230515b1980 xxu||||| |||| 00| 0 eng d | ||
| 020 | _aNULL | ||
| 041 | _aENGL | ||
| 082 | _a532.051 /WAR | ||
| 100 | _aWARD-SMITH A.J. | ||
| 245 | _aINTERNAL FLUID FLOW THE FLUID DYNAMICS OF FLOW IN PIPES AND DUCTS | ||
| 250 | _aN.D. | ||
| 260 |
_aNULL _bCLARE _c1980 |
||
| 300 | _a566 HB | ||
| 650 | _aNULL | ||
| 999 |
_c623726 _d623726 |
||